| 000 | 00439nam a2200157 a 4500 | ||
|---|---|---|---|
| 001 | 000029774 | ||
| 005 | 20200930055809.0 | ||
| 008 | 110425s199- dr a r 000 f spa d | ||
| 040 |
_aDO-SdBNP _bspa _cBNPHU |
||
| 082 |
_axxx _bF385v |
||
| 100 | 1 |
_aFerrer, José _910612 |
|
| 245 | 1 | 3 |
_aEl viento de los sepulcros / _cJosé Ferrer. |
| 260 |
_aSanto Domingo : _bSánchez Ramírez, _c199-. |
||
| 300 |
_a45 p. : _bil. ; _c21 cm. |
||
| 049 | _aBNGR | ||
| 999 |
_c29266 _d29266 |
||